Meilleurs buteurs de la Ligue des champions - Mort subite - Statistiques

Statistiques générales
  • Ce quiz a été pris 676 fois
    24 depuis la dernière actualisation
  • Le résultat moyen est 7 sur 22
Answers on the Grid
Answers color-coded by a green-red scale on the quiz's grid according to % correct below.
Cristiano Ronaldo
Lionel Messi
Robert Lewandowski
Karim Benzema
Raúl
Ruud van Nistelrooy
Thomas Müller
Kylian Mbappé
Thierry Henry
Erling Haaland
Alfredo Di Stéfano
Andriy Shevchenko
Zlatan Ibrahimović
Mohamed Salah
Eusebio
Filippo Inzaghi
Didier Drogba
Neymar
Alessandro Del Piero
Antoine Griezmann
Sergio Agüero
Harry Kane
Ferenc Puskás
Edinson Cavani
Gerd Müller
Fernando Morientes
Arjen Robben
Samuel Eto'o
Wayne Rooney
Kaká
Francisco Gento
David Trezeguet
Roy Makaay
Patrick Kluivert
Edin Džeko
Álvaro Morata
Jean-Pierre Papin
Vinícius Júnior
Ryan Giggs
Sadio Mané
Luis Suárez
Rivaldo
 
Statistiques - réponses
Réponse % Correct
Lionel Messi
80%
Cristiano Ronaldo
67%
Karim Benzema
60%
Kylian Mbappé
60%
Robert Lewandowski
60%
Erling Haaland
47%
Raúl
47%
Ruud van Nistelrooy
40%
Thierry Henry
33%
Thomas Müller
33%
Zlatan Ibrahimović
33%
Neymar
27%
Alfredo Di Stéfano
20%
Andriy Shevchenko
20%
Harry Kane
20%
Mohamed Salah
13%
Didier Drogba
7%
Filippo Inzaghi
7%
Alessandro Del Piero
0%
Antoine Griezmann
0%
Eusebio
0%
Sergio Agüero
0%
Aucun quiz correspondant
Distribution des résultats
% des personnes avec chaque résultat
Percentile par nombre de réponses
Votre historique - résultats
Vous n’avez pas pris ce quiz depuis la dernière actualisation